SETELAH AKU PILIH DIA / (Record no. 189513)
[ view plain ]
| 000 -LEADER | |
|---|---|
| fixed length control field | 01167aam a2200385 i 4500 |
| 001 - CONTROL NUMBER | |
| control field | vtls000837083 |
| 003 - CONTROL NUMBER IDENTIFIER | |
| control field | PNM |
| 005 - DATE AND TIME OF LATEST TRANSACTION | |
| control field | 20221220144824.0 |
| 008 - FIXED-LENGTH DATA ELEMENTS--GENERAL INFORMATION | |
| fixed length control field | 170915s2017 my g 000 f may |
| 015 ## - NATIONAL BIBLIOGRAPHY NUMBER | |
| National bibliography number | M17-10743 |
| 020 ## - INTERNATIONAL STANDARD BOOK NUMBER | |
| International Standard Book Number | 9789673653072 |
| Qualifying information | paperback |
| Terms of availability | RM00.00 |
| 039 #9 - LEVEL OF BIBLIOGRAPHIC CONTROL AND CODING DETAIL [OBSOLETE] | |
| Level of rules in bibliographic description | 202011130930 |
| Level of effort used to assign nonsubject heading access points | masliza |
| Level of effort used to assign subject headings | 201809051034 |
| Level of effort used to assign classification | azeantie |
| Level of effort used to assign subject headings | 201808081027 |
| Level of effort used to assign classification | faezah |
| Level of effort used to assign subject headings | 201712071036 |
| Level of effort used to assign classification | azura_a |
| 040 ## - CATALOGING SOURCE | |
| Original cataloging agency | BNM |
| Language of cataloging | eng |
| Transcribing agency | BNM |
| Modifying agency | PNM |
| -- | PPAK |
| Description conventions | rda |
| 049 ## - LOCAL HOLDINGS (OCLC) | |
| Holding library | klpmal |
| 082 04 - DEWEY DECIMAL CLASSIFICATION NUMBER | |
| Classification number | 899.2333 |
| Edition number | 23 |
| 090 00 - LOCALLY ASSIGNED LC-TYPE CALL NUMBER (OCLC); LOCAL CALL NUMBER (RLIN) | |
| Classification number (OCLC) (R) ; Classification number, CALL (RLIN) (NR) | 899.2333 |
| Feature heading | EYL |
| Feature heading | G |
| 100 0# - MAIN ENTRY--PERSONAL NAME | |
| Personal name | Eyla Hime, |
| Relator term | author. |
| 245 10 - TITLE STATEMENT | |
| Title | SETELAH AKU PILIH DIA / |
| Statement of responsibility, etc. | Eyla Hime |
| 264 #1 - PRODUCTION, PUBLICATION, DISTRIBUTION, MANUFACTURE, AND COPYRIGHT NOTICE | |
| Place of production, publication, distribution, manufacture | Kuala Lumpur : |
| Name of producer, publisher, distributor, manufacturer | Penebitan Fajar Pakeer, |
| Date of production, publication, distribution, manufacture, or copyright notice | 2017 |
| 300 ## - PHYSICAL DESCRIPTION | |
| Extent | 595 pages ; |
| Dimensions | 19 cm |
| 336 ## - CONTENT TYPE | |
| Content type term | text |
| Source | rdacontent |
| 337 ## - MEDIA TYPE | |
| Media type term | unmediated |
| Source | rdamedia |
| 338 ## - CARRIER TYPE | |
| Carrier type term | volume |
| Source | rdacarrier |
| 650 10 - SUBJECT ADDED ENTRY--TOPICAL TERM | |
| Topical term or geographic name entry element | Malaysian fiction (Malay) |
| Topical term or geographic name entry element | Malay fiction |
| 942 ## - ADDED ENTRY ELEMENTS (KOHA) | |
| Source of classification or shelving scheme | Dewey Decimal Classification |
| Koha item type | Book |
| 949 ## - LOCAL PROCESSING INFORMATION (OCLC) | |
| 6 | 2000614309 |
| a | 899.2333 EYL M |
| 6 | 2000614308 |
| a | 899.2333 EYL M |
| 6 | 2000614307 |
| a | 899.2333 EYL M |
| 6 | 1001369689 |
| 6 | 1001369690 |
| 6 | 1001369691 |
| s | 6700:20210327 |
| 6 | 1001369692 |
| 6 | 1001402843 |
| e | 2443219 |
| Withdrawn | Not for loan | Current library | Shelving location | Date acquired | Total Checkouts | Total Renewals | Full call number | Barcode | Date last seen | Date last checked out | Koha item type |
|---|---|---|---|---|---|---|---|---|---|---|---|
| Perpustakaan Alor Setar | Pinjaman Dewasa | 13/12/2022 | 8 | 3 | 899.2333 EYL | A00746922 | 04/06/2026 | 04/02/2026 | Book |